| 000 | 01249nam a2200385 i 4500 | ||
|---|---|---|---|
| 001 | 13587 | ||
| 003 | KOSZ 005 | ||
| 005 | 20210805144109.0 | ||
| 008 | 070925s1971 pl a f f 001 0 pol | ||
| 015 | _aPB 1971/7072 | ||
| 040 |
_aWA N _cWA N _dKOSZ 005/RW _dKOSZ 005/HR |
||
| 046 | _k1950 | ||
| 080 | _a514.14 | ||
| 080 | _a(075.8) | ||
| 100 | 1 |
_aSzerszeń, Stanisław _d(1899-1975). _eAutor |
|
| 245 | 1 | 0 |
_aNauka o rzutach / _cStanisław Szerszeń. |
| 250 | _aWydanie 7 niezmienione. | ||
| 260 |
_aWarszawa : _bPaństwowe Wydawnictwo Naukowe, _c1971. |
||
| 300 |
_a432 strony : _bilustracje ; _c24 cm. |
||
| 336 |
_aTekst _btxt _2rdacontent |
||
| 337 |
_aBez urządzenia pośredniczącego _bn _2rdamedia |
||
| 338 |
_aWolumin _bnc _2rdacarrier |
||
| 380 | _aKsiążki. | ||
| 380 | _aPublikacje dydaktyczne. | ||
| 385 |
_mPoziom nauczania. _aSzkoły wyższe. |
||
| 388 | _a1901-2000 | ||
| 388 | _a1945-1989 | ||
| 504 | _aIndeks. | ||
| 658 | _aMatematyka | ||
| 655 | 4 | _aPodręczniki akademickie | |
| 650 | 4 | _aGeometria rzutowa | |
| 710 | 2 |
_aPaństwowe Wydawnictwo Naukowe _4pbl. |
|
| 856 |
_uhttp://koha.tu.koszalin.pl/cgi-bin/koha/opac-detail.pl?biblionumber=13587 _yKatalog online BPK |
||
| 942 |
_2UKD _cKS |
||
| 999 |
_c13587 _d13587 |
||